International journal of pathology. (Record no. 534507)
[ view plain ]
| 000 -LEADER | |
|---|---|
| fixed length control field | 00774cas a22002895a 4500 |
| 001 - CONTROL NUMBER | |
| control field | 15062887 |
| 003 - CONTROL NUMBER IDENTIFIER | |
| control field | NUST |
| 005 - DATE AND TIME OF LATEST TRANSACTION | |
| control field | 20200228155552.0 |
| 008 - FIXED-LENGTH DATA ELEMENTS--GENERAL INFORMATION | |
| fixed length control field | 071029c200u9999pk fr p | 0eng |
| 010 ## - LIBRARY OF CONGRESS CONTROL NUMBER | |
| LC control number | 2007432759 |
| 022 ## - INTERNATIONAL STANDARD SERIAL NUMBER | |
| International Standard Serial Number | 1810-0155 E-2079-7516 |
| ISSN-L | 1810-0155 |
| 035 ## - SYSTEM CONTROL NUMBER | |
| System control number | (OCoLC)ocn179463632 |
| 038 ## - RECORD CONTENT LICENSOR | |
| Staff Name | Atta |
| 040 ## - CATALOGING SOURCE | |
| Original cataloging agency | DLC |
| Language of cataloging | eng |
| Transcribing agency | DLC |
| Modifying agency | OCoLC |
| 042 ## - AUTHENTICATION CODE | |
| Authentication code | pcc |
| 043 ## - GEOGRAPHIC AREA CODE | |
| Geographic area code | a-pk--- |
| 050 00 - LIBRARY OF CONGRESS CALL NUMBER | |
| Classification number | Acquired for NLM only |
| 082 ## - DEWEY DECIMAL CLASSIFICATION NUMBER | |
| Classification number | Vol- |
| 245 00 - TITLE STATEMENT | |
| Title | International journal of pathology. |
| 246 13 - VARYING FORM OF TITLE | |
| Title proper/short title | IJP |
| 260 ## - PUBLICATION, DISTRIBUTION, ETC. | |
| Place of publication, distribution, etc. | Islamabad : |
| Name of publisher, distributor, etc. | Anwar ul Haque |
| 300 ## - PHYSICAL DESCRIPTION | |
| Extent | v. : |
| Other physical details | ill. (some col.) ; |
| Dimensions | 28 cm. |
| 310 ## - CURRENT PUBLICATION FREQUENCY | |
| Current publication frequency | [Semiannual] |
| 588 ## - SOURCE OF DESCRIPTION NOTE | |
| Source of description note | Description based on: Vol. 4 (2) (July/Dec. 2006). |
| 752 ## - ADDED ENTRY--HIERARCHICAL PLACE NAME | |
| Country or larger entity | Pakistan |
| City | Islamabad. |
| 942 ## - ADDED ENTRY ELEMENTS (KOHA) | |
| Source of classification or shelving scheme | |
| Koha item type | Continuing Resources |
| Withdrawn status | Lost status | Source of classification or shelving scheme | Damaged status | Not for loan | Permanent Location | Current Location | Date acquired | Total Checkouts | Full call number | Barcode | Date last seen | Price effective from | Koha item type |
|---|---|---|---|---|---|---|---|---|---|---|---|---|---|
| Central Library (CL) | Central Library (CL) | 02/28/2020 | Vol-17, No-2 (Apr - Jun) 2019 | S-93009 | 02/28/2020 | 02/28/2020 | Continuing Resources |
